| Tag |
First Indicator |
Second Indicator |
Subfields |
| LEADER |
00000cam a2200000 4500 |
| 001 |
in00000038961 |
| 005 |
20151007081418.0 |
| 008 |
720922s1967 eng u |
| 010 |
|
|
|a 67014837
|
| 035 |
|
|
|a (OCoLC)00413198
|
| 035 |
|
|
|9 AAF6340AM
|
| 040 |
|
|
|c WSU
|d TXA
|d UtOrBLW
|
| 049 |
|
|
|a TXAM
|c [473337]
|
| 090 |
|
|
|a DT30
|b .S675
|
| 092 |
|
|
|a 320.96
|b S756p
|
| 100 |
1 |
|
|a Spiro, Herbert J.
|
| 245 |
1 |
0 |
|a Patterns of African development.
|
| 264 |
|
1 |
|a Englewood Cliffs, N.J. :
|b Prentice-Hall,
|c [1967]
|
| 300 |
|
|
|a 144 pages
|
| 336 |
|
|
|a text
|b txt
|2 rdacontent
|
| 337 |
|
|
|a unmediated
|b n
|2 rdamedia
|
| 338 |
|
|
|a volume
|b nc
|2 rdacarrier
|
| 490 |
0 |
|
|a A Spectrum book
|
| 504 |
|
|
|a Bibliographical footnotes.
|
| 505 |
0 |
|
|a Introduction, by H. J. Spiro.--Some reflections on constitutionalism for emergent political orders, by C. J. Friedrich.--Nationalism in a new perspective: the African case, by I. Abu-Lughod.--The challenge of change: Japan and Africa, by C. E. Welch.--Borrowed theory and origional practice in African politics, by A. A. Mazrui.--Repetition or innovation? By H. J. Spiro.
|
| 651 |
|
0 |
|a Africa
|x Politics and government
|y 1960-
|
| 999 |
|
|
|a MARS
|
| 999 |
f |
f |
|s 55d9fcf6-8bb9-35c3-b528-7e22ec8b7504
|i 8e1783b7-ddf3-350a-b150-891c33ee3d6a
|t 0
|
| 952 |
f |
f |
|p ric
|a Texas A&M University
|b Rellis Campus
|c Joint Library Facility
|d Remote Storage
|t 0
|e DT30 .S675
|h Library of Congress classification
|i unmediated -- volume
|m A14800660776
|
| 998 |
f |
f |
|a DT30 .S675
|t 0
|l Remote Storage
|